000 00651nam a2200277Ia 4500
005 20260121125546.0
008 008 260114s9999 xx 000 0 eng d
020 _a9781478005599
037 _aEBOOK
040 _aCRL
040 _beng
040 _cCRL
041 _2eng
041 _aeng
084 _qCRL
100 _aJaikumar, Priya
_9995036
245 0 _aWhere Histories Reside
260 _bWalter de Gruyter
260 _bWalter de Gruyter
260 _c2019
650 _aJournalism
_9995037
856 _uhttp://www.degruyter.com/isbn/9781478005599
942 _cEBOOK
999 _c1562858
_d1562858